000 00576nam a2200181 i 4500
001 bg
100 1 _aGAJDA, Jerzy
245 0 _aMetody pomiaru mocy promieniowania optycznego w układach holograficznych /
_cJerzy Gajda, Zdzisław Błaszczak.
260 _aSzczecin :
_b[Wydawn. Uczeln. Polit. Szczec.],
_c1981.
300 _as. 96 :
_brys., ilustr., tab.
504 _a[Zawiera bibliogr. s. 95-96].
700 1 _aBŁASZCZAK, Zdzisław
040 _cBPK
041 _apol
080 _a535:621.375.826(075.8)
942 _cKS
008 s pl f |000 0 pol
999 _c20328
_d20328
856 _uhttp://koha.tu.koszalin.pl/cgi-bin/koha/opac-detail.pl?biblionumber=20328
_yKatalog online BPK